Jinnah papers. Vol-1/2 prelude to pakistan.20 februrary - 2 june 1947 appendices (Record no. 583772)
[ view plain ]
| 000 -LEADER | |
|---|---|
| fixed length control field | 00595nam a22001937a 4500 |
| 003 - CONTROL NUMBER IDENTIFIER | |
| control field | CEME |
| 005 - DATE AND TIME OF LATEST TRANSACTION | |
| control field | 20210628210233.0 |
| 008 - FIXED-LENGTH DATA ELEMENTS--GENERAL INFORMATION | |
| fixed length control field | 210215b xxu||||| |||| 00| 0 eng d |
| 020 ## - INTERNATIONAL STANDARD BOOK NUMBER | |
| International Standard Book Number | 969-8156-03-8 |
| 040 ## - CATALOGING SOURCE | |
| Transcribing agency | . |
| 082 ## - DEWEY DECIMAL CLASSIFICATION NUMBER | |
| Classification number | 954.91 JIN |
| 100 ## - MAIN ENTRY--PERSONAL NAME | |
| Personal name | Zaidi, Z. H Zaidi, Z. H Zaidi, Z. H |
| 9 (RLIN) | 78663 |
| 245 ## - TITLE STATEMENT | |
| Title | Jinnah papers. Vol-1/2 prelude to pakistan.20 februrary - 2 june 1947 appendices |
| 250 ## - EDITION STATEMENT | |
| Edition statement | VOL-1, PT-II |
| 260 ## - PUBLICATION, DISTRIBUTION, ETC. | |
| Place of publication, distribution, etc. | ISLAMABAD |
| Name of publisher, distributor, etc. | OXFORD UNIVERSITY PRESS |
| Date of publication, distribution, etc. | 1993 |
| 300 ## - PHYSICAL DESCRIPTION | |
| Extent | 692P |
| 650 ## - SUBJECT ADDED ENTRY--TOPICAL TERM | |
| Topical term or geographic name entry element | JINNAH PAPERS-VOL 1/2 PAKISTAN-INDEPENDANCE MOVEMENT |
| 9 (RLIN) | 78664 |
| 942 ## - ADDED ENTRY ELEMENTS (KOHA) | |
| Koha item type | Book |
| Source of classification or shelving scheme | |
| Withdrawn status | Lost status | Damaged status | Not for loan | Permanent Location | Current Location | Shelving location | Date acquired | Total Checkouts | Full call number | Barcode | Date last seen | Price effective from | Koha item type |
|---|---|---|---|---|---|---|---|---|---|---|---|---|---|
| College of Electrical & Mechanical Engineering (CEME) | College of Electrical & Mechanical Engineering (CEME) | Reference | 06/20/2017 | 954.91 JIN | CEME-33739 | 06/28/2021 | 06/28/2021 | Book |
